| 000 | 01975cam a22004814i 4500 | ||
|---|---|---|---|
| 003 | PE-LiUPU | ||
| 005 | 20250731172948.0 | ||
| 008 | 150623s r 000 0 d | ||
| 020 | _a0310385709 | ||
| 035 | _a(Sirsi) i9780310385707 | ||
| 040 |
_aPE-LiUPU _bspa _cPE-LiUPU _erda |
||
| 049 | _aPRUA | ||
| 082 | 0 | 4 |
_a232.903 _bY21 _221 |
| 100 | 1 |
_aYancey, Philip, _eautor. |
|
| 245 | 1 | 4 |
_aThe Jesus I never knew / _cPhilip Yancey. |
| 264 | 1 |
_aMichigan : _bZondervan Publishing House, _c1995. |
|
| 300 |
_a288 páginas ; _c24 centímetros |
||
| 336 |
_atext _2rdacontent |
||
| 337 |
_aunmediated _2rdamedia |
||
| 338 |
_avolume _2rdacarrier |
||
| 504 | _aIncluye bibliografía. | ||
| 505 | 0 | _aWho he was: The Jesus I thought I knew. -Birth : the vivited planet. -Background: Jewish roots and soil. -Temptation : showdown in the desert. -Profile : what would I have noticed?. -Why he came : Beatitudes: Lucky are the unlucky. -Message: A sermon of offense. -Mission: a revolution of grace. -Miracles: snapshots of the supernatural. -Death: the final week. -Resurrection: a morning beyond belief. -What he left behind : Ascension: a blank blue sky. -Kingdom: wheat among the weeds. -The difference he makes. | |
| 526 | _aSEG42 | ||
| 526 | _aSEG41 | ||
| 526 | _aSEG40 | ||
| 526 | _aSEG39 | ||
| 526 | _aP94 | ||
| 526 | _aP87 | ||
| 526 | _aP86 | ||
| 526 | _aP85 | ||
| 526 | _aP77 | ||
| 526 | _aP76 | ||
| 526 | _aP35 | ||
| 600 | 1 | _aJesucristo | |
| 600 | 1 |
_aJesucristo _xEnseñanzas _9933 |
|
| 600 | 1 |
_aJesucristo _xPersona y oficio |
|
| 942 |
_2ddc _cBOOK |
||
| 949 |
_a232.903 Y21 _wDEWEY _c1 _i44832 _lCCODEBUL1 _mBUL _r0 _sY _tBOOK _u2015-6-24 _xTEOLOGIA _PP35 _0COMPRA _o.STAFF. Colección General |
||
| 994 |
_aC0 _bPEPRU |
||
| 596 | _a1 | ||
| 999 |
_a232.903 Y21 _wDEWEY _c21704 _i44832 _f2021-11-10 _g5 _lCCODEBUL1 _mBUL _r0 _sY _tBOOK _u2015-6-24 _xTEOLOGIA _PP35 _0COMPRA _o.STAFF. Colección General _d21704 |
||
| 980 |
_81 _gALBERTO SANCHEZ Responsable de Automatización |
||